| 000 | 00460nam a2200193Ia 4500 | ||
|---|---|---|---|
| 008 | 240510s9999 xx 000 0 und d | ||
| 020 | _a0000521310385 | ||
| 041 | _aEng | ||
| 082 | _a410.285 | ||
| 082 | _bG63 | ||
| 100 | _aGRISHMAN R. | ||
| 245 | 0 | _aCOMPUTATIONAL LINGUISTICS : AN INTRODUCTION | |
| 260 | _bCAMEBRIDGE : CAMEBRIDGE UNIVERSITY PRESS | ||
| 260 | _c1986 | ||
| 300 | _a193 p. | ||
| 650 | _aLINGUISTICS | ||
| 942 | _2ddc | ||
| 942 | _cRBK | ||
| 999 |
_c25625 _d25625 |
||
| 945 |
_a1 _bMadushi Gamage _c1 _dMadushi Gamage |
||